000 005630000a22001930004500
003 LK-CoMWRAF
005 20231120143836.0
008 230817t2003 ||||| |||| 00| 0 eng d
020 _a9559830902
040 _aLK-CoMWRAF
_dLK-CoMWRAF
_eLK-CoMWRAF
041 _aeng
082 _a361.74
_bFER
100 _aFernando, Udan
245 _aNGOs in Sri Lanka:
_bpast and present trends
260 _aNugegoda,
_bWasala Publication
_c2003
300 _a vii, 83 p. ; 22 cm.
_bBibliography included
650 _aNon-governmental organizations--Sri Lanka.
942 _cBK
999 _c564
_d564